000 00836nam a2200265Ia 4500
003 OSt
005 20220918170805.0
006 a|||||r|||| 00| 0
007 ta
008 220917b |||||||| |||| 00| 0 eng d
020 _a9780521657297 (pbk)
_c2874.23
024 _a289,122
037 _b111, 03/03/2016, Better Book Services
_cTextual
040 _aARTS
_cARTS
_beng
041 _2eng
_aeng
082 _aR3xL24:g, P5
100 _aKant Immanuel
_910597
245 0 _aCritique of pure reason
260 _aCambridge
_bCambridge University Press U.S.A.
_c2005
300 _axi, 785p.
_ccm.
490 _aThe cambridge edition of the works of immanuel kant
650 _aPHILOSOPHY
942 _hR3xL24:g, P5
_cTEXL
_2CC
999 _c135798
_d135798